00570nam a2200133Ia 4500008004100000020001800041082001600059100003100075245014100106260002200247300001100269650007000280700008600350120622s9999 xx 000 0 und d a968-18-0977-1 a658.5 C355t aCastro Martínez, Antonio aTécnicas de administración de la producción / Antonio Castro Martínez, Carmen Nolasco Gutiérrez, Gustavo Velázquez Mastretta aMéxico : Limusa a198 p. a1. ADMINISTRACION DE LA PRODUCCION \ 2. ADMINISTRACION INDUSTRIAL aNolasco Gutiérrez, Carmen ; coaut. \ Velázquez Mastretta, Gustavo ; coaut.Ì